000 00623nam a2200229Ia 4500
003 OSt
005 20221005123453.0
006 a|||||r|||| 00| 0
007 ta
008 221004b |||||||| |||| 00| 0 eng d
024 _a43471
037 _cTextual
040 _aCRL
_cCRL
_beng
041 _2eng
_aeng
082 _aO:1M34:15, F3-;1
100 _aMorris William
245 0 _aLife and death of Jason
_b A poem abridged and ed for schools by R W Jepson
260 _c1923
650 _aENGLISH LITERATURE
942 _hO:1M34:15, F3-;1
_cTEXL
_2cc
999 _c1047519
_d1047519